000 00490nam a2200181Ia 4500
005 20250326124205.0
008 250326s9999 xx 000 0 und d
037 _aTextbook
040 _aFMSL
_beng
_cFMSL
041 _aeng
_2eng
084 _aX:51 K7
_qFMSL
100 _aGuss L M
_9736945
245 0 _aPackaging is marketing
_cGuss L M
260 _aNY
_bNY, American Management Association
_c1967
300 _a127p
942 _cTB
_hX:51 K7
999 _c1272662
_d1272662